000 00351nam a2200133Ia 4500
008 240624s9999 xx 000 0 und d
041 _aeng
082 _a338.04 KRE
100 _aKRESSEL HENRY
245 _aENTREPRENEURSHIP IN THE GLOBAL ECONOMY E
260 _c2012
_aCambridge
_bCambridge University Press
300 _a280 : p.
365 _cBPS
_b30
999 _c28104
_d28104